书目信息 |
| 题名: |
中斯友谊的象征
|
|
| 作者: | 宝贤 编著 | |
| 分册: | ||
| 出版信息: | 北京 中国建筑工业出版社 2013.04 |
|
| 页数: | 172页 | |
| 开本: | 29cm | |
| 丛书名: | ||
| 单 册: | ||
| 中图分类: | TU242.1 , D822.235.8 | |
| 科图分类: | ||
| 主题词: | 会堂--hui tang--建筑艺术--斯里兰卡 , 中外关系--zhong wai guan xi--对外援助--斯里兰卡 | |
| 电子资源: | ||
| ISBN: | 978-7-112-15244-5 | |
| 000 | 01253nam0 2200301 450 | |
| 001 | 0100003939 | |
| 005 | 20240409144323.90 | |
| 010 | @a978-7-112-15244-5@dCNY150.00 | |
| 100 | @a20130529d2013 em y0chiy50 ea | |
| 101 | 0 | @achi@aeng |
| 102 | @aCN@b110000 | |
| 105 | @aa z 000yy | |
| 200 | 1 | @a中斯友谊的象征@e“纪念班达拉奈克国际会议大厦”援建工程技术及纪实@d= A symbol of China-sri lankan friendship@ethe documentary and engineering technology of Bandaranaike memorial international conference hall@f宝贤编著@Fbao xian bian zhu@zeng |
| 210 | @a北京@c中国建筑工业出版社@d2013.04 | |
| 215 | @a172页@c图 (部分彩图)@d29cm | |
| 300 | @a中英文对照 | |
| 330 | @a本书分为中斯友谊的象征 ; “班夏”工程技术 ; 美丽的斯里兰卡 ; 重返“班夏”四章, 主要内容包括: 米胶协定 ; 两国建交 ; 独立广场等。 | |
| 510 | 1 | @a= A symbol of China-sri lankan friendship |
| 517 | 1 | @a“纪念班达拉奈克国际会议大厦”援建工程技术及纪实 |
| 540 | @a中斯友谊的象征 | |
| 606 | 0 | @a会堂@Ahui tang@x建筑艺术@y斯里兰卡 |
| 606 | 0 | @a中外关系@Azhong wai guan xi@x对外援助@y斯里兰卡 |
| 690 | @aTU242.1@v5 | |
| 690 | @aD822.235.8@v5 | |
| 701 | 0 | @a宝贤@9bao xian@4编著 |
| 801 | @aCN@b河南城建学院图书馆@c20130701 | |
| 901 | @a012 | |
| 905 | @eB254@dTU242.1@b1099652-4 | |
| 中斯友谊的象征:“纪念班达拉奈克国际会议大厦”援建工程技术及纪实= A symbol of China-sri lankan friendship:the documentary and engineering technology of Bandaranaike memorial international conference hall/宝贤编著.-北京:中国建筑工业出版社,2013.04 |
| 172页:图 (部分彩图);29cm |
| 中英文对照 |
| ISBN 978-7-112-15244-5:CNY150.00 |
| 本书分为中斯友谊的象征 ; “班夏”工程技术 ; 美丽的斯里兰卡 ; 重返“班夏”四章, 主要内容包括: 米胶协定 ; 两国建交 ; 独立广场等。 |
| ● |
| 相关链接 |
|
|
|
正题名:中斯友谊的象征
索取号:TU242.1/B254
 
预约/预借
| 序号 | 登录号 | 条形码 | 馆藏地/架位号 | 状态 | 备注 |
| 1 | 1099652 | 210996528 | 建筑库101/101建筑库 67排2列3层/ [索取号:TU242.1/B254] | 在馆 | |
| 2 | 1099653 | 210996537 | 建筑与城市规划学院资料室/101建筑库 37排3列1层/ [索取号:TU242.1/B254] | 在馆 | |
| 3 | 1099654 | 210996546 | 建筑库101/101建筑库 67排2列3层/ [索取号:TU242.1/B254] | 在馆 | |
| 4 | 1448191 | 214481915 | 建筑库101/101建筑库 67排2列3层/ [索取号:TU242.1/B254] | 在馆 | |
| 5 | 1448192 | 214481924 | 建筑库101/101建筑库 67排2列3层/ [索取号:TU242.1/B254] | 在馆 | |
| 6 | 1551087 | 215510873 | 建筑库101/101建筑库 67排2列3层/ [索取号:TU242.1/B254] | 在馆 | |
| 7 | 1551088 | 215510882 | 建筑库101/101建筑库 67排2列3层/ [索取号:TU242.1/B254] | 在馆 | |
| 8 | 1551089 | 215510891 | 建筑库101/101建筑库 67排2列3层/ [索取号:TU242.1/B254] | 在馆 |